| 000 | 00459nam a2200181Ia 4500 | ||
|---|---|---|---|
| 008 | 230711s9999||||xx |||||||||||||| ||und|| | ||
| 020 | _a978-93-5164-975-1 | ||
| 041 | _aENG | ||
| 082 |
_a346.048 _bTI-I |
||
| 100 | _aTiwari,Ruchi | ||
| 245 | 0 | _aIntellectual Property Rights and Drug Regulatory Affairs | |
| 250 | _a1st Ed. | ||
| 260 |
_c2016 _aPune _bNirali Prakashan |
||
| 300 | _a20.18p. | ||
| 650 | _aPharmacy | ||
| 700 | _aTiwari,Gaurav | ||
| 942 | _cBK | ||
| 999 |
_c7314 _d7314 |
||